Código de Comercio concordado y anotado, precedido de una introducción histórico comparada, y seguido de la ley de enjuiciamiento sobre los negocios y causas de comercio, y de un repertorio alfabético de la legislación y del procedimiento mercantil
Saved in:
| Main Authors: | , |
|---|---|
| Institution som forfatter: | |
| Format: | Bog |
| Sprog: | spansk |
| Udgivet: |
Madrid
Revista de Legislación
1859
|
| Udgivelse: | 3a. ed |
| Fag: | |
| Tags: |
Tilføj Tag
Ingen Tags, Vær først til at tagge denne postø!
|
MARC
| LEADER | 00000nam a2200000 a 4500 | ||
|---|---|---|---|
| 001 | UCR4247 | ||
| 003 | CL-VaPUC | ||
| 008 | 980307e18590000SP |||||||||||||||||spa|d | ||
| 082 | 0 | 4 | |a 346.4607 |b GOM |2 21 |
| 100 | |a Gómez de la Serna, Pedro |e author |9 478209 | ||
| 700 | |a Reus y García, José |e author |9 404030 | ||
| 110 | 2 | |a Revista General de Legislación y Jurisprudencia |e author |9 404031 | |
| 245 | 1 | 0 | |a Código de Comercio concordado y anotado, precedido de una introducción histórico comparada, y seguido de la ley de enjuiciamiento sobre los negocios y causas de comercio, y de un repertorio alfabético de la legislación y del procedimiento mercantil |
| 250 | |a 3a. ed | ||
| 300 | |a 718 p | ||
| 942 | |c BK | ||
| 945 | |d 19980307 00:00:00 |a crobeson | ||
| 260 | |a Madrid |b Revista de Legislación |c 1859 | ||
| 650 | 0 | |a Derecho comercial |9 256340 | |
| 650 | 0 | |a Código de comercio |9 329302 | |
| 650 | 0 | |a Comercio |9 255341 | |
| 650 | 0 | |a Derecho civil |9 255013 | |
| 650 | 0 | |a Derecho privado |9 258243 | |
| 650 | 0 | |a Sociedades comerciales |9 257290 | |
| 651 | 0 | |a España |9 254926 | |
| 583 | |a last modification |c 19980307 00:00:00 |k Rodrigo Vera | ||
| 999 | |c 267195 |d 267193 | ||
| 952 | |0 0 |1 0 |4 0 |6 346_460700000000000_GOM_1859 |7 0 |8 X |9 299418 |a BIBDER |b BIBDER |d 2019-11-20 |i 1948490 |o 346.4607 GOM 1859 |p 1948490 |r 2023-01-25 |w 2019-11-20 |y BK_X |k DER | ||